000 00551nam a2200217 a 4500
001 12922
003 CO-ViMGA
008 141112s2004 ck r 000 u spa d
020 _a8474324386
040 _aCO-ViMGA
_bspa
_cCO-ViMGA
082 0 4 _a321 S73d
100 1 _aSternberger, Dolf
_918804
245 1 0 _aDominación y Acuerdo
260 _aBarcelona :
_bGedisa,
_c1992
300 _a199p.
490 _aEstudios Alemanes
650 1 4 _aDEMOCRACIA LEMMB
_918805
650 1 4 _aIGUALDAD
_918806
650 1 4 _aIMPERIALISMO
_914778
942 _2ddc
_cBK
999 _c23823
_d23823